Statistics for Minority Republican Lawmakers

Click here to take the quiz!

General Stats

  • This quiz has been taken 7 times
  • The average score is 10 of 29

Answer Stats

HintChamberAnswer% Correct
BlackRep.Byron Donalds
67%
BlackSen.Tim Scott
67%
HispanicRep.Anna Paulina Luna
33%
HispanicRep.Anthony D'Esposito
33%
Pacific IslanderDel.Aumua Amata
33%
HispanicRep.Brian Mast
33%
BlackRep.Burgess Owens
33%
HispanicRep.Carlos Giménez
33%
HispanicRep.George Santos
33%
Pacific IslanderDel.James Moylan
33%
HispanicDel.Jennifer González-Colón
33%
BlackRep.John James
33%
Native AmericanRep.Josh Breechen
33%
HispanicRep.Lori Chavez DeRemer
33%
HispanicSen.Marco Rubio
33%
HispanicRep.María Elvira Salazar
33%
HispanicRep.Mario Díaz-Balart
33%
Native AmericanSen.Markwayne Mullin
33%
AsianRep.Michelle Steel
33%
HispanicRep.Mike Garcia
33%
HispanicRep.Mónica De La Cruz
33%
HispanicRep.Nicole Malliotakis
33%
HispanicSen.Ted Cruz
33%
Native AmericanRep.Tom Cole
33%
HispanicRep.Tony Gonzales
33%
BlackRep.Wesley Hunt
33%
AsianRep.Young Kim
33%
HispanicRep.Alex Mooney
0%
HispanicRep.Juan Ciscomani
0%

Score Distribution

Percentile by Number Answered

Percent of People with Each Score

Your Score History

You have not taken this quiz